LEADER 01009nam a2200229 i 4500 001 000000163532 003 CaOOAMICUS 005 20070925000000.0 008 070925s1970 it u000 u ita u 013 $a140896 040 $aSeMil$bita 245 10$aPrimo volume :$b[Milano] /$cA cura di Pierluigi Beltrami ... [et al] ; presentazione dell'Avv. Prof. Francesco Ogliari Presidente dell'Istituto per la Storia dell'Arte Lombarda. 300 $a366 p. 490 0 $aStoria e costumi di Lombardia 700 1 $aOgliari, Francesco <1931->.$0(OLS)http://semarc/name/5833 700 1 $aBeltrami, Pierluigi.$0(OLS)http://semarc/name/54392 773 0 $tCanzoniere lombardo.$d[S.l.] : La Varesina Grafica, 1970-1971.$w()18451 830 0$aStoria e costumi di Lombardia.$0(OLS)http://semarc/title/24292 850 $aSeMil 852 $aSeMil$W1$xVenegono$y1$m1B VI 159$j248390$B114826$CSeMilBibl$Z2$F126781 $81 961 $aRecupero: Altro 996 $6245$aPrimo volume :$b[Milano]$9(OLS)http://semarc/title/233334 LEADER 00901nam a2200193 i 4500 001 000000026030 003 CaOOAMICUS 005 20190612115234.0 008 180830s1931 it u000 u ita u 040 $aSeMil$bita 100 1 $aTommaseo, Niccolò,$d<1802-1874>.$0(OLS)http://semarc/name/454 245 10$aVenezia negli anni 1848 e 1849 :$bmemorie storiche inedite /$cN. Tommaseo ; con aggiunta di documenti inediti e prefazione e note di Paolo Prunas. 300 $av. ;$c21 cm. 650 4$aVenezia - Storia.$0(OLS)http://semarc/subject/2116 700 1 $aPrunas, Paolo.$0(OLS)http://semarc/name/11589 774 0 $tVol. 1.$kStudi e documenti di storia del Risorgimento$g1$w()209491 830 0$aStudi e documenti di storia del Risorgimento.$0(OLS)http://semarc/title/33885 996 $6245$aVenezia negli anni 1848 e 1849 :$bmemorie storiche inedite$9(OLS)http://semarc/title/35098